What's Missing III? Quiz Stats

 Plays Quiz Updated Jun 17, 2015

Also try: What's Missing
Challenge
Share
Tweet
Embed
Score 0/20 Timer 05:00
1 Play Today
Group What's Missing % Correct
Cycling, RunningSwimming
86.3%
Huey, LouieDewey
73.6%
Hassium, Hafnium, Holmium, HydrogenHelium
65.8%
North Dakota, South Dakota, North Carolina, South CarolinaWest Virginia
63.6%
frankincense, goldmyrrh
57.2%
Eagles, 76ers, FlyersPhillies
56.1%
Buy a Vowel, Solve the PuzzleSpin the Wheel
55.9%
Neil Armstrong, Michael CollinsEdwin 'Buzz' Aldrin
53.6%
The Curse of the Black Pearl, At World's End, On Stranger Tides, Dead Men Tell No TalesDead Man's Chest
45.5%
canines, premolars, molarsincisors
44.9%
Group What's Missing % Correct
igneous, sedimentarymetamorphic
44%
Vacation, Christmas Vacation, Vegas VacationEuropean Vacation
39.1%
Lincoln, Kennedy, GarfieldMcKinley
38.4%
Afghanistan, Kazakhstan, Kyrgyzstan, Pakistan, Turkmenistan, UzbekistanTajikistan
36.3%
Baptism, Reconciliation, Holy Eucharist, Marriage, Holy Orders, Anointing of the SickConfirmation
30.2%
Mansfield Park, Northanger Abbey, Persuasion, Pride and Prejudice, Sense and SensibilityEmma
29%
Archie, Edith, GloriaMike
27%
Sir Barton, Gallant Fox, Omaha, War Admiral, Whirlaway, Count Fleet, Assault, Citation, Seattle Slew, Affirmed, American Pharoah, JustifySecretariat
24.5%
Rat, Ox, Tiger, Rabbit, Dragon, Snake, Horse, Sheep, Rooster, Dog, BoarMonkey
24.4%
Luciano Pavarotti, José CarrerasPlácido Domingo
22.9%

You're not logged in!

Compare scores with friends on all Sporcle quizzes.
Join for Free
OR
Log In

You Might Also Like...

Show Comments

Extras

Top Quizzes Today


Score Distribution

Your Account Isn't Verified!

In order to create a playlist on Sporcle, you need to verify the email address you used during registration. Go to your Sporcle Settings to finish the process.

Report this User

Report this user for behavior that violates our Community Guidelines.

Details: